000 00368pam a2200157a 44500
008 230515b1982 xxu||||| |||| 00| 0 eng d
020 _aNULL
041 _aENGLISH
082 _aN.D.
100 _aKAZARNOVSKY / TAREEV
245 _aTESTING OF ELECTRICAL INSULATING MATERIALS
250 _a0
260 _aNULL
_bMIR PUB.
_c1982
300 _a288
650 _aNULL
999 _c572023
_d572023